| 000 | 01455 a2200253 4500 | ||
|---|---|---|---|
| 003 | Nust | ||
| 005 | 20170207154034.0 | ||
| 010 | _a 98030005 | ||
| 020 | _a0849398045 (alk. paper) | ||
| 040 | _cNust | ||
| 082 | 0 | 0 | _a006.3/2 |
| 245 | 0 | 0 |
_aFusion of neural networks, fuzzy sets, and genetic algorithms(E-BOOK) _bindustrial applications / _cedited by Lakhmi C. Jain, N.M. Martin. |
| 260 |
_aBoca Raton : _bCRC press, _cc1998. |
||
| 300 |
_a354 p. : _bill. ; _c25 cm. |
||
| 440 | 4 | _aThe CRC Press international series on computational intelligence | |
| 505 | _aChapter 1—Introduction to Neural Networks, Fuzzy Systems, Genetic Algorithms, and their Fusion, Chapter 2—A New Fuzzy-Neural Controller, Chapter 3—Expert Knowledge-Based Direct Frequency Converter Using Fuzzy Logic Control, Chapter 4—Design of an Electro-Hydraulic System Using Neuro-Fuzzy Techniques, Chapter 5—Neural Fuzzy Based Intelligent Systems and Applications, Chapter 6—Vehicle Routing through Simulation of Natural Processes, Chapter 7—Fuzzy Logic and Neural Networks in Fault Detection, Chapter 8—Application of the Neural Network and Fuzzy Logic to the Rotating Machine Diagnosis | ||
| 650 | 0 | _aFuzzy sets. | |
| 650 | 0 | _aGenetic algorithms. | |
| 650 | 0 | _aNeural networks (Computer science) | |
| 651 | _aE-BOOK | ||
| 700 | 1 | _aJain, L. C. | |
| 700 | 1 | _aMartin, N. M. | |
| 856 | 4 | 2 |
_3Publisher description _uhttp://www.loc.gov/catdir/enhancements/fy0803/98030005-d.html |
| 942 |
_2ddc _cBK |
||
| 999 |
_c192322 _d192322 |
||